Idiotentest - Statistiken

Allgemein
  • Dieses Quiz wurde 58.577 mal gespielt
  • Das Durchschnittsergebnis liegt bei 9 aus 15
Antwortstatistiken
Frage Antwort % Korrekt
Es befinden sich 100 Steine in einem Flugzeug. Einer fällt raus. Wie viele Steine sind noch im Flugzeug? 99
96%
Wie packt man eine Giraffe in einen Kühlschrank? Man macht die Kühlschranktür auf, packt die Giraffe rein und macht die Tür wieder zu
79%
Als Tom am anderen Ufer weitergehen will, stirbt er trotzdem. Warum? Der Stein, der aus dem Flugzeug gefallen ist, ist auf seinen Kopf gefallen
78%
Tom muss nachts einen breiten Fluss überqueren, doch es gibt keine Brücke und im Fluss leben Krokodile. Wie schafft er es lebendig ans andere Ufer? Er schwimmt ganz normal über den Fluss, denn die Krokodile waren bei der Party vom Löwen
78%
Wie viele Haare hat eine Glatze, wenn eine Halbglatze nur noch 10.000 Haare hat? 0
76%
Wie packt man einen Elefanten in einen Kühlschrank? Man macht die Kühlschranktür auf, nimmt die Giraffe heraus, packt den Elefanten rein und macht die Tür wieder zu
76%
Eine Hand hat 5 Finger, zwei Hände haben 10 Finger. Wie viele Finger haben 5 Hände? 25
65%
Welche Ente läuft auf zwei Beinen? Jede
62%
Ein Löwe hat alle Tiere zu seinem Geburtstag eingeladen. Welches kommt nicht? Der Elefant
60%
Berlin schreibt man vorne mit B und hinten mit h. Stimmt das? Ja
60%
Welcher Berg war vor Entdeckung des Mount Everest der höchste Berg? Mount Everest
57%
Sandra hat vier Kinder, das Erste heißt Norden, das Zweite Osten und das Dritte Süden. Wie, heißt das vierte Kind? Wie
44%
In einem See schwimmt ein Seerosen-Teppich. Jeden Tag verdoppelt sich seine Fläche. Wenn es 48 Tage dauert, bis der Seerosen-Teppich den gesamten See bedeckt, wie lange dauert es, bis die Hälfte des Sees bedeckt ist? 47
32%
Teile 30 durch 1/2 und zähle 10 dazu. Was kommt raus? 70
31%
Ein Ball und ein Schläger kosten zusammen 1,10 Euro. Der Schläger ist 1 Euro teurer als der Ball. Was kostet der Schläger? 1 Euro und 5 Cent
26%
Keine übereinstimmenden Quizze gefunden
Verteilung der Resultate
Anzahl Personen mit jedem Resultat
Perzentil nach korrekt beantworteten Fragen
Ihre Resultats-Entwicklung
Sie haben dieses Quiz noch nicht gespielt